Normal view
MARC view
- JAIN,S N
Entry Corporate Name
001 - CONTROL NUMBER
- control field: 123239
003 - CONTROL NUMBER IDENTIFIER
- control field: NUST
005 - DATE AND TIME OF LATEST TRANSACTION
- control field: 20240605095531.0
008 - FIXED-LENGTH DATA ELEMENTS
- fixed length control field: 240605|| aca||aabn | a|a d
040 ## - CATALOGING SOURCE
- Original cataloging agency: NUST
- Transcribing agency: NUST
110 ## - HEADING--CORPORATE NAME
- Corporate name or jurisdiction name as entry element: JAIN,S N
670 ## - SOURCE DATA FOUND
- Source citation: Work cat.: (NUST)609469: JAIN ,M P 123238, Principles of Administrative Law,, 2007.
